BIBLIOTHÈQUE DE LA MAISON DU MEXIQUE

Logo 1 Logo 2

Sus mejores páginas (notice nᵒ 11977)

détails MARC
000 -Sello discográfico
campo de control de longitud fija 00957nam a2200289 4500
005 - Identificación de versión
campo de control 20251016084831.0
035 ## - Otros números de control del sistema
Número de control del sistema 6996
099 ## - fechas locales
Tipo de ítem Koha LIBRO
100 ## - Datos de procesamiento general
Datos de procesamiento general 20041018d1970 m y1spay5003 ba
105 ## - Campo de datos codificados: Material textual, monográfico
Datos codificados de monografía y 001zy
200 1# - Título y mención de responsabilidad
Título propio Sus mejores páginas
Designación general del material texto impreso
Primer mención de responsabilidad José Martí
Declaración de responsabilidad subsiguiente estudio, notas y selección de textos Raimundo Lazo
205 ## - Declaración de edición
Declaración de edición 1a ed
210 ## - Publicación, distribución, etc.
Lugar de publicación, distribución, etc. México
Nombre del editor, distribuidor, etc. Editorial Porrúa
Fecha de publicación, distribución, etc. 1970
215 ## - Descripción física
Designación de material específico y extensión del ítem XLII, 253 p
Dimensiones 22 cm
345 ## - Nota de información de adquisición
Fuente de adquisición/dirección de la suscripción [OBSOLETO] Donación
410 #1 - Series
Título Colección "Sepan Cuantos ..."
Número de volumen 141
606 ## - Término temático usado como materia
Elemento de entrada Literatura hispanoamericana (Selecciones, extractos, etc)
Número Koha 8017
700 ## - Nombre personal - Responsabilidad primaria
Elemento de entrada Martí Pérez
Parte del nombre distinta del elemento de entrada José Julián
Fechas 1853-1895
Número Koha 6524
702 ## - Nombre personal - Responsabilidad secundaria
Elemento de entrada Lazo y Baryolo
Parte del nombre distinta del elemento de entrada Raimundo
Fechas 1904-1976
Número Koha 13722
801 #0 - Fuente de origen
Agencia cm
900 ## -
-- 1/8410
900 ## -
-- 7100420176\181004
942 ## - ELEMENTOS DE ENTRADA SECUNDARIOS (KOHA)
Tipo de ítem Koha Livre
996 ## -
-- MEX
-- 751145101
-- MMAG
-- 012410
-- 080 S479 V.141
-- 20250210LIV
Exemplaires
Estatus retirado Estado de daño Estado de pérdida Fecha de adquisición Biblioteca de origen Biblioteca actual Ubicación en estantería Código de barras Precio de reemplazo Signatura topográfica completa No para préstamo Tipo de ítem Koha Nota pública Nota no pública
      05/08/2025 Casa México Paris Casa México Paris   012410 05/08/2025 080 S479 V.141   Livre 20250210LIV 751145101